Sandwiched Capitals - Statistics

General Stats
  • This quiz has been taken 11 times
  • The average score is 6 of 26
Answer Stats
Before Sandwich After % Correct
Abu Dhabi Abuja Accra
50%
Amman Amsterdam Andorra La Vella
50%
Apia Ashgabat Asmara
38%
Bangkok Bangui Banjul
38%
Beirut Belgrade Belmopan
38%
Havana Helsinki Honiara
38%
Jerusalem Juba Kabul
38%
Lome London Luanda
38%
Athens Baghdad Baku
25%
Brazzaville Bridgetown Brussels
25%
Buenos Aires Bujumbura Cairo
25%
Castries Chisinau Conakry
25%
Damascus Dhaka Dili
25%
Gaborone Georgetown Guatemala City
25%
Khartoum Kiev Kigali
25%
Manama Manila Maputo
25%
Melekeok Mexico City Minsk
25%
Bishkek Bissau Bogota
13%
Doha Dublin Dushanbe
13%
Madrid Majuro Malabo
13%
Monrovia Montevideo Moroni
13%
Niamey Nicosia Nouakchott
13%
Paris Phnom Penh Podgorica
13%
Praia Pretoria Prisina
13%
Libreville Liliongwe Lima
0%
N Djamena Nairobi Nassau
0%
No matching quizzes found
Score Distribution
Percent of People with Each Score
Percentile by Number Answered
Your Score History
You have not taken this quiz